00566nam a2200169 i 4500001000700000003000900007007000300016008004100019100001800060245012100078260003900199300002900238490004400267700002000311830004400331852002100375129063ES-MaACLt|070605s1919 fr ||||1| fre d1 aTchernoff, J.14aLes nations et la Sociétè des Nations dans la politique moderne /cpar J. Tchernoff ; préface d'Albert Thomas. aParís : bFélix Alcan, c1919. aXXVII, 200 p. ; c19 cm.1 aBibliothèque d'histoire contemporaine1 aThomas, Arbert.0 aBibliothèque d'histoire contemporaine aES-MaACLjG-7277